00846cam a2200241 a 450000100100000000500170001000800410002702000150006804000180008308200190010110000430012024500420016326000350020530000280024058600400026865000280030865000320033665000340036865000310040291000340043395201220046799900150058900000830720260513160823.0970227s1995 ck a 000 1 spa  a9586122085 aDO-SdBNPcDLC aCo863.6bP859m1 aPotdevin Segura, Philip,d1958-92245910aMetatrón /cPhilip Potdevin Segura. aColombia :bColcultura,c1995. a369 p. :bil. ;c21 cm. aPremios Nacionales de Cultura, 1994 4aNovela colombiana91243 4aLiteratura colombiana91244 0aHistorias de aventuras922460 4aÁngelesxAventura922461 aCatalogación por copia / LC 001052708MOaGRbGRcCTd2009-09-15iLF1l0oCo863.6 P859mp8307-10r2020-06-25w2020-06-25y2ZPréstamo interno c8078d8078